Familles de fruits communs - Statistiques

Statistiques générales
  • Ce quiz a été pris 11 fois
  • Le résultat moyen est 4 sur 15
Statistiques - réponses
Fruit(s) Famille % Correct
Orange, citron, mandarine, pamplemousse et autres agrumes Rutacées
63%
Ananas Broméliacées
50%
Banane Musacées
50%
Pomme, poire, abricot, pêche, prune, cerise, fraise, framboise, mûre, amande Rosacées
50%
Tomate, poivron, piment, aubergine Solanacées
50%
Melon, pastèque, concombre Cucurbitacées
38%
Olive Oléacées
25%
Kiwi Actinidiacées
13%
Mangue Anacardiacées
13%
Kaki Ébénacées
13%
Châtaigne Fagacées
13%
Figue Moracées
13%
Raisin Vitacées
13%
Papaye Caricacées
0%
Noix Juglandacées
0%
Aucun quiz correspondant
Distribution des résultats
% des personnes avec chaque résultat
Percentile par nombre de réponses
Votre historique - résultats
Vous n’avez pas pris ce quiz